| 000 | 00609nam a22001937a 4500 | ||
|---|---|---|---|
| 003 | OSt | ||
| 005 | 20260609151342.0 | ||
| 008 | 260609b |||||||| |||| 00| 0 eng d | ||
| 020 | _a0-325-00533-8 | ||
| 040 | _cChuka University Library | ||
| 050 | _aLB 1529 .C3 2003 | ||
| 100 |
_aCalkins Lucy _927666 |
||
| 245 | _aLaunching the Writing Workshop | ||
| 260 |
_aPortsmouth _bFirsthand _c2003 |
||
| 300 |
_a120 P. _bIllustrations |
||
| 650 |
_aEnglish Language---Composition Exercises---Studyand teaching--- United States _928024 |
||
| 650 |
_aCurriculum Planning---United States _926921 |
||
| 942 |
_2lcc _cBK _n0 |
||
| 999 |
_c23695 _d23695 |
||